| 000 | 00712nam a2200217 a 4500 | ||
|---|---|---|---|
| 008 | 110901s1970 ||||||||||||||||| || u | ||
| 020 | _a801646030 | ||
| 050 | _aRK 280 Sic | ||
| 100 | _aSicher, Harry | ||
| 245 | 1 | 0 |
_aOral anatomy. -- 5th ed. _cHarry Sicher and E. Lloyd Du Brul |
| 250 | _a5th ed. | ||
| 260 |
_aSt. Louis, MO _bMosby _c1970 |
||
| 300 | _axvii, 502p.: ill. | ||
| 350 | _a0.00 | ||
| 650 | _aMOUTH | ||
| 650 | 3 | _aANATOMY | |
| 650 | 7 |
_aTEETH _2fast |
|
| 650 | _aJAWS | ||
| 700 | _aDu Brul, Lloyd E | ||
| 995 |
_aMEDICAL LIBRARY OPEN ACCESS _D0.00 _e900802 _FCBU-SCHOOL OF MEDICINE LIBRARY (Ndola) _H1 _I0.00 _jRK 280 SIC _M1 _UAVAILABLE _WOct 31, 2011 _y900802 _ZMedical Library Open Access Collection |
||
| 999 |
_c32257 _d32257 |
||